In memoriam: Al Doctor Don Wenceslao Díaz

I tiakina i:
Ngā taipitopito rārangi puna kōrero
Ngā kaituhi matua: Ugarte V., Luis (Author), Villaseca, Juan de la Cruz (Author)
Kaituhi rangatōpū: Sociedad Médica de Chile (Author)
Hōputu: Pukapuka
Reo:Pāniora
I whakaputaina: Santiago Imprenta Cervantes 1895
Putanga:1a. ed
Ngā marau:
Ngā Tūtohu: Tāpirihia he Tūtohu
Kāore He Tūtohu, Me noho koe te mea tuatahi ki te tūtohu i tēnei pūkete!

MARC

LEADER 00000nam a2200000 a 4500
001 UCJ4441
003 CL-VaPUC
008 070124e18950000CL |||||||||||||||||spa|d
082 0 4 |a 926  |b DIA  |2 21 
100 0 |a Ugarte V., Luis  |e author  |9 508132 
700 0 |a Villaseca, Juan de la Cruz  |e author  |9 508133 
110 2 |a Sociedad Médica de Chile  |e author  |9 508134 
245 1 0 |a In memoriam: Al Doctor Don Wenceslao Díaz 
250 |a 1a. ed 
300 |a 32 p 
942 |c BK 
945 |d 20070124 00:00:00  |a rinostro 
260 |a Santiago  |b Imprenta Cervantes  |c 1895 
600 0 7 |a DIAZ, WENCESLAO  |2 CL-VaPUC  |9 508135 
650 7 |a BIOGRAFIA  |2 CL-VaPUC  |9 504622 
650 7 |a NECROLOGIA  |2 CL-VaPUC  |9 504408 
650 7 |a HOMENAJE  |2 CL-VaPUC  |9 333787 
650 7 |a CORONA FUNEBRE  |2 CL-VaPUC  |9 504468 
650 0 |a Poesía   |9 265825 
650 7 |a MEDICOS CHILENOS  |2 CL-VaPUC  |9 508136 
651 7 |a CHILE  |2 CL-VaPUC  |9 508137 
583 |a last modification  |c 20070124 00:00:00  |k Rodrigo Vera 
999 |c 320557  |d 320555 
952 |0 0  |1 0  |4 0  |6 926_000000000000000_DIA_1895  |7 0  |8 X  |9 399102  |a FDOBUD  |b FDOBUD  |d 2019-11-22  |i 1018299  |o 926 DIA 1895  |p 1018299  |r 2019-11-22  |w 2019-11-22  |y BK_X  |k BUD